Trouve le film Disney avec sa musique la plus connu - Statistiques

Statistiques générales
  • Ce quiz a été pris 402 fois
  • Le résultat moyen est 18 sur 26
Statistiques - réponses
Hint Réponse % Correct
libérée, délivrée la reine des neiges
98%
il en faut peu pour être heureux le livre de la jungle
94%
ce rêve bleu aladdin
93%
tout le monde veut devenir un cat les aristochats
90%
l'histoire de la vie le roi lion
88%
cruella de ville les 101 dalmatiens
83%
heigh-ho blanche neige
81%
ne parlons pas de bruno encanto
79%
je suis ton ami toy story
79%
le bleu lumière vaiana
79%
comme un homme mulan
76%
l'air du vent pocahontas
72%
ne m'oublie pas coco
71%
ou est la vrai vie raiponce
70%
joyeux non-anniversaire alice au pays des merveilles
69%
à la file indienne peter pan
68%
histoire éternelle la belle et la bete
65%
partir là-bas la petite sirene
61%
real gone cars
58%
la chanson de la pluie bambi
56%
au bout du rêve la princesse et la grenouille
55%
je veux savoir tarzan
51%
belle nuit la belle et le clochard
49%
quand on prie la bonne étoile pinocchio
37%
j'en ai revé la belle au bois dormant
31%
tendre rêve cendrillon
30%
Aucun quiz correspondant
Distribution des résultats
% des personnes avec chaque résultat
Percentile par nombre de réponses
Votre historique - résultats
Vous n’avez pas pris ce quiz